logo

Bir Sreshtho Munshi Abdur Rouf Library
Jhenaidah Cadet College

The dangerous years / (Record no. 7293)

MARC details
000 -LEADER
fixed length control field 00585nam a22002292a 4500
001 - CONTROL NUMBER
JCCL Control Number 7293
003 - CONTROL NUMBER IDENTIFIER
JCCL marc code UkOxU
005 - DATE AND TIME OF LATEST TRANSACTION
control field 20180210173431.0
008 - FIXED-LENGTH DATA ELEMENTS--GENERAL INFORMATION
fixed length control field 500101s1956 enk 000 1 eng d
035 ## - SYSTEM CONTROL NUMBER
system control number OCLC ocm02282487 from D950526M
040 ## - CATALOGING SOURCE
Original cataloging agency DLC
Transcribing agency TXA
Modifying agency UKM
-- EQO
041 ## - LANGUAGE CODE
Language code of Book eng
050 #0 - LIBRARY OF CONGRESS CALL NUMBER
Classification number PZ3.C4716
Item number Dan
082 ## - DEWEY DECIMAL CLASSIFICATION NUMBER
Classification number 823.91
DDC Edition number 18
Author mark and Year CHU 1956
100 1# - MAIN ENTRY--PERSONAL NAME
Personal name Church, Richard,
Dates associated with a name 1893-1972
245 14 - TITLE STATEMENT
Title The dangerous years /
Statement of responsibility, etc Richard Church,
260 ## - PUBLICATION, DISTRIBUTION, ETC. (IMPRINT)
Place of publication, distribution, etc London :
Name of publisher, distributor, etc Heinemann,
Date of publication, distribution, etc [1956]
300 ## - PHYSICAL DESCRIPTION
Pagination 284 p. :
Dimensions 21 cm.
650 ## - SUBJECT ADDED ENTRY--TOPICAL TERM
Topical term or geographic name as entry element Stories
942 ## - ADDED ENTRY ELEMENTS (KOHA)
Source of classification or shelving scheme Dewey Decimal Classification
Koha item type Books
Holdings
Source of classification or shelving scheme Damaged status Not for loan Home library Current library Shelving location Date of accession Total Checkouts Full call number Barcode Date last seen Copy number Koha item type
Dewey Decimal Classification     JCC Rouf Library JCC Rouf Library General Stacks 02/07/2018   823.91 CHU 1956 9527 02/07/2018 C - 1 Books

JCC Library | Contacts | JCC Home

Last Update on 23 September 2017
Copyright @ 2017-2020 JCC Rouf Library
Rouf Library, Jhenidah Cadet College (JCC), Bangladesh